00370cam a2200145ua 4500041001000000082001900010100002700029245006800056250001200124260004600136300001100182504000500193942000700198999001900205 aengh a828.09bHAM/WA aHamilton, Rostrevor . aWalter Savage Landor / cRostrevor Hamilton.hTextual Documents a1 / b. aLondon : bLongman Green and Co , c1960. a40 ; . a cBK c334253d334253